[Event "Wch Rapid (Women)"]
[Site "New York"]
[Date "2024.12.26"]
[Round "2"]
[White "Tan, Zhongyi"]
[Black "Bodnaruk, Anastasia"]
[Result "1-0"]
[WhiteElo "2502"]
[BlackElo "2302"]
[PlyCount "139"]
[EventDate "2024.12.26"]
[EventType "swiss (rapid)"]
[EventRounds "11"]
[EventCountry "USA"]
[SourceTitle "CB01_2025"]
[SourceDate "2025.01.01"]
[SourceVersion "1"]
[SourceVersionDate "2025.01.01"]
[SourceQuality "1"]

1. d4 Nf6 2. c4 g6 3. Nc3 Bg7 4. e4 d6 5. h3 0-0 6. Be3 e5 7. d5 Na6 8. Bd3 Nh5 9. Be2 Nf4 10. Bf3 Nb4 11. g3 Nfd3+ 12. Kf1 f5 13. a3 Nxb2 14. Qe2 N4d3 15. Rb1 f4 16. Rxb2 Nxb2 17. Bc1 Nxc4 18. Qxc4 fxg3 19. fxg3 a6 20. Kg2 b5 21. Qd3 Bd7 22. Nge2 Rb8 23. Bd2 b4 24. axb4 Rxb4 25. Qxa6 Rb2 26. Bc1 Rb3 27. Qc4 Qb8 28. Be3 Rb2 29. Bg4 Bxg4 30. hxg4 Qc8 31. Rf1 Rxf1 32. Kxf1 Qxg4 33. Kf2 Qd7 34. Qc6 Qf7+ 35. Ke1 h5 36. Qa8+ Kh7 37. Bc1 Rb4 38. Qa5 Rb8 39. Nb5 Qf3 40. Nbc3 Rb6 41. Bg5 Qd3 42. Qa7 Qc4 43. Bd8 Rb3 44. Qxc7 Qxc7 45. Bxc7 Bf8 46. Bd8 Kh6 47. Kf2 g5 48. Nd1 Rb8 49. Ba5 h4 50. Ne3 hxg3+ 51. Nxg3 Kg6 52. Kf3 Rb3 53. Ngf5 Rb7 54. Kg4 Rb1 55. Bc7 Rg1+ 56. Kf3 Rc1 57. Bxd6 Bxd6 58. Nxd6 Rc3 59. Ndf5 Kf6 60. d6 Rc8 61. Nd5+ Ke6 62. Nc7+ Kd7 63. Kg4 Rb8 64. Kxg5 Rb4 65. Nd5 Rb1 66. Kf6 Re1 67. Kxe5 Kc6 68. Nfe7+ Kd7 69. Nf6+ Kd8 70. Nc6+ 1-0

[Event "Wch Rapid (Women)"]
[Site "New York"]
[Date "2024.12.26"]
[Round "4"]
[White "Tan, Zhongyi"]
[Black "Sukandar, Irine Kharisma"]
[Result "1-0"]
[WhiteElo "2502"]
[BlackElo "2354"]
[PlyCount "129"]
[EventDate "2024.12.26"]
[EventType "swiss (rapid)"]
[EventRounds "11"]
[EventCountry "USA"]
[SourceTitle "CB01_2025"]
[SourceDate "2025.01.01"]
[SourceVersion "1"]
[SourceVersionDate "2025.01.01"]
[SourceQuality "1"]

1. d4 Nf6 2. c4 e6 3. Nf3 d5 4. Nc3 Nbd7 5. Bf4 Bb4 6. e3 dxc4 7. Bxc4 Nd5 8. Bxd5 exd5 9. Qb3 Bxc3+ 10. Qxc3 c6 11. Qa3 Nb6 12. b3 Bf5 13. 0-0 f6 14. Qc5 Kf7 15. a4 Nd7 16. Qc3 h5 17. h3 g5 18. Bh2 Qe7 19. Nd2 Rae8 20. Rae1 c5 21. e4 dxe4 22. Nc4 cxd4 23. Qxd4 Qc5 24. Nd6+ Kg6 25. Qxc5 Nxc5 26. Nxe8 Rxe8 27. Re3 Rd8 28. a5 Rd3 29. b4 Nb3 30. Bb8 a6 31. Ba7 h4 32. f3 exf3 33. Rxd3 Bxd3 34. Rxf3 Nc1 35. Kf2 Bb5 36. Bd4 f5 37. Re3 Nd3+ 38. Kg1 Nf4 39. Kh2 g4 40. Be5 g3+ 41. Kh1 Nd3 42. Bd6 f4 43. Re7 Bc6 44. Kg1 Kf5 45. Bb8 f3 46. gxf3 Bxf3 47. Rf7+ Ke4 48. Rh7 g2 49. Rxh4+ Kf5 50. Rc4 Kg5 51. Bg3 Bc6 52. Kh2 Nb2 53. Rc5+ Kg6 54. b5 Bxb5 55. Kxg2 Nc4 56. Be1 Bc6+ 57. Kg3 Nd6 58. Kf4 Nf7 59. h4 Bh1 60. Bd2 Nd8 61. h5+ Kf7 62. Rc7+ Ke8 63. Ke5 Nc6+ 64. Kf6 Nd4 65. h6 1-0

[Event "Shymkent FIDE GP (Women)"]
[Site "Shymkent"]
[Date "2024.11.08"]
[Round "9"]
[White "Tsolakidou, Stavroula"]
[Black "Tan, Zhongyi"]
[Result "0-1"]
[WhiteElo "2439"]
[BlackElo "2551"]
[PlyCount "44"]
[EventDate "2024.10.30"]
[EventType "tourn"]
[EventRounds "9"]
[EventCountry "KAZ"]
[EventCategory "10"]
[SourceTitle "CB45_2024"]
[Source "ChessBase"]
[SourceDate "2024.11.06"]
[SourceVersion "1"]
[SourceVersionDate "2024.11.06"]
[SourceQuality "1"]

1. c4 e6 2. g3 d5 3. Bg2 d4 4. Nf3 Nc6 5. 0-0 Bc5 6. d3 a5 7. Nbd2 e5 8. Nb3 Be7 9. a4 Bf5 10. Ne1 Nf6 11. f4 e4 12. Nc2 Qd7 13. dxe4 Bxe4 14. Ncxd4 Bxg2 15. Kxg2 Nxd4 16. Qxd4 Qc6+ 17. Rf3 0-0 18. Be3 Bb4 19. Qd3 Rad8 20. Bd4 Rfe8 21. h3 Ne4 22. Kh2 Nc5 0-1

[Event "Shymkent FIDE GP (Women)"]
[Site "Shymkent"]
[Date "2024.11.07"]
[Round "8"]
[White "Tan, Zhongyi"]
[Black "Assaubayeva, Bibissara"]
[Result "1/2-1/2"]
[WhiteElo "2551"]
[BlackElo "2487"]
[PlyCount "91"]
[EventDate "2024.10.30"]
[EventType "tourn"]
[EventRounds "9"]
[EventCountry "KAZ"]
[EventCategory "10"]
[SourceTitle "CB45_2024"]
[Source "ChessBase"]
[SourceDate "2024.11.06"]
[SourceVersion "1"]
[SourceVersionDate "2024.11.06"]
[SourceQuality "1"]

1. e4 c5 2. Nf3 d6 3. Bb5+ Bd7 4. Bxd7+ Qxd7 5. 0-0 Nf6 6. Re1 Nc6 7. c3 e6 8. d4 cxd4 9. cxd4 d5 10. e5 Ne4 11. Re3 Be7 12. Nc3 Nxc3 13. bxc3 0-0 14. Ne1 f5 15. exf6 Bxf6 16. Nd3 Rfe8 17. Qe1 Qf7 18. h3 Rac8 19. Re2 b6 20. Bf4 Na5 21. Rd1 Nc4 22. Bg3 Re7 23. f3 Rce8 24. Be5 Rc8 25. Bxf6 Qxf6 26. Qg3 Qf5 27. Nf2 Rce8 28. Ng4 Kh8 29. Rde1 h6 30. Ne3 Nxe3 31. Rxe3 Kh7 32. Qd6 Qf7 33. R1e2 Rd7 34. Qg3 Rde7 35. Qe1 Qg6 36. g4 Qf6 37. Qg3 Rf8 38. Kg2 Ref7 39. Rf2 Qg6 40. Qd6 Re8 41. Rfe2 Qf6 42. a4 Rc8 43. Rf2 Re8 44. Rfe2 Rc8 45. Rf2 Re8 46. Rfe2 1/2-1/2

[Event "Shymkent FIDE GP (Women)"]
[Site "Shymkent"]
[Date "2024.11.05"]
[Round "6"]
[White "Tan, Zhongyi"]
[Black "Munguntuul, Batkhuyag"]
[Result "1-0"]
[WhiteElo "2551"]
[BlackElo "2344"]
[PlyCount "135"]
[EventDate "2024.10.30"]
[EventType "tourn"]
[EventRounds "9"]
[EventCountry "KAZ"]
[EventCategory "10"]
[SourceTitle "CB45_2024"]
[Source "ChessBase"]
[SourceDate "2024.11.06"]
[SourceVersion "1"]
[SourceVersionDate "2024.11.06"]
[SourceQuality "1"]

1. d4 d5 2. Nf3 Nf6 3. e3 Bf5 4. c4 c6 5. cxd5 cxd5 6. Qb3 Qc8 7. Bd2 Nc6 8. Nc3 e6 9. Nh4 Bg6 10. Nxg6 hxg6 11. Bd3 Be7 12. 0-0-0 0-0 13. Kb1 a6 14. h4 b5 15. f3 b4 16. Ne2 Na5 17. Qa4 Nc4 18. h5 g5 19. Ka1 Nb6 20. Qc2 Qxc2 21. Bxc2 a5 22. b3 Ra7 23. Rc1 Rfa8 24. Bb1 a4 25. Kb2 Ne8 26. Rc6 Ra6 27. Kc2 Nc8 28. Rxa6 Rxa6 29. Nc1 Na7 30. Nd3 Nc6 31. Rc1 axb3+ 32. axb3 Nf6 33. g4 Nd7 34. Kb2 f6 35. Ne1 Rb6 36. Bd3 Nf8 37. Ra1 g6 38. hxg6 Kg7 39. f4 Nxg6 40. f5 Nf8 41. fxe6 Nxe6 42. Bf5 Nc7 43. Nd3 Bd6 44. Be1 Kf7 45. Bf2 Nb5 46. Nc5 Nc3 47. Nd7 Rb7 48. Ra6 Rc7 49. Bg1 Bg3 50. Nc5 Nd8 51. e4 dxe4 52. Nxe4 Nd1+ 53. Kb1 Bf4 54. Nc5 Re7 55. Kc2 Ne3+ 56. Bxe3 Bxe3 57. Kd3 Bf4 58. Ne4 Rc7 59. Rxf6+ Ke7 60. d5 Nb7 61. Re6+ Kf7 62. Kd4 Rc1 63. Rb6 Rd1+ 64. Kc4 Na5+ 65. Kxb4 Nxb3 66. Nc3 Rd2 67. Kxb3 Be5 68. Nb5 1-0

[Event "Shymkent FIDE GP (Women)"]
[Site "Shymkent"]
[Date "2024.11.03"]
[Round "5"]
[White "Tan, Zhongyi"]
[Black "Goryachkina, Aleksandra"]
[Result "0-1"]
[WhiteElo "2551"]
[BlackElo "2533"]
[PlyCount "68"]
[EventDate "2024.10.30"]
[EventType "tourn"]
[EventRounds "9"]
[EventCountry "KAZ"]
[EventCategory "10"]
[SourceTitle "CB45_2024"]
[Source "ChessBase"]
[SourceDate "2024.11.06"]
[SourceVersion "1"]
[SourceVersionDate "2024.11.06"]
[SourceQuality "1"]

1. e4 e5 2. Nf3 Nc6 3. Bc4 Bc5 4. d3 Nf6 5. Nc3 h6 6. h3 a6 7. Be3 d6 8. Bxc5 dxc5 9. a4 Be6 10. Bxe6 fxe6 11. 0-0 Qe7 12. Nb1 g5 13. Nbd2 g4 14. hxg4 Nxg4 15. g3 0-0-0 16. Kg2 Rdf8 17. c3 h5 18. Rh1 Qg7 19. Rh3 Ne7 20. Qb3 Rf6 21. Rf1 Rhf8 22. Kg1 Rxf3 23. Qxe6+ Kb8 24. Nxf3 Rxf3 25. Rxh5 Rxd3 26. Rh3 Rd6 27. Qc4 Rd2 28. Qxc5 Ng6 29. Rh5 Nf4 30. Rh4 Nxf2 31. Qe3 N4h3+ 32. Rxh3 Nxh3+ 33. Kh1 Rd8 34. Rf5 Rh8 0-1

[Event "Shymkent FIDE GP (Women)"]
[Site "Shymkent"]
[Date "2024.11.02"]
[Round "4"]
[White "Divya, Deshmukh"]
[Black "Tan, Zhongyi"]
[Result "1/2-1/2"]
[WhiteElo "2501"]
[BlackElo "2551"]
[PlyCount "81"]
[EventDate "2024.10.30"]
[EventType "tourn"]
[EventRounds "9"]
[EventCountry "KAZ"]
[EventCategory "10"]
[SourceTitle "CB45_2024"]
[Source "ChessBase"]
[SourceDate "2024.11.06"]
[SourceVersion "1"]
[SourceVersionDate "2024.11.06"]
[SourceQuality "1"]

1. d4 Nf6 2. Nf3 g6 3. c4 Bg7 4. Nc3 0-0 5. e4 d6 6. Be2 e5 7. 0-0 Na6 8. Be3 Qe7 9. c5 exd4 10. cxd6 cxd6 11. Bxd4 Nc5 12. Re1 Ncxe4 13. Bc4 Nxc3 14. Rxe7 Nxd1 15. Rxd1 b6 16. Bb3 a5 17. a4 Bg4 18. h3 Bxf3 19. gxf3 Rab8 20. Ra7 b5 21. Rxa5 bxa4 22. Bxa4 Nh5 23. b3 Nf4 24. Bxg7 Kxg7 25. Rxd6 Nxh3+ 26. Kh2 Nf4 27. Bb5 Rb7 28. Bc4 h6 29. Ra4 g5 30. b4 Re8 31. b5 Re1 32. b6 Rb1 33. Ra6 h5 34. Ra5 f6 35. Rb5 Rc1 36. Bd5 Nxd5 37. Rbxd5 Rb1 38. f4 gxf4 39. Rxh5 R1xb6 40. Rxb6 Rxb6 41. Rf5 1/2-1/2

[Event "Shymkent FIDE GP (Women)"]
[Site "Shymkent"]
[Date "2024.11.01"]
[Round "3"]
[White "Tan, Zhongyi"]
[Black "Lagno, Kateryna"]
[Result "1-0"]
[WhiteElo "2551"]
[BlackElo "2527"]
[PlyCount "81"]
[EventDate "2024.10.30"]
[EventType "tourn"]
[EventRounds "9"]
[EventCountry "KAZ"]
[EventCategory "10"]
[SourceTitle "CB45_2024"]
[Source "ChessBase"]
[SourceDate "2024.11.06"]
[SourceVersion "1"]
[SourceVersionDate "2024.11.06"]
[SourceQuality "1"]

1. d4 d5 2. Nf3 Nf6 3. Bf4 c5 4. e3 Nc6 5. Nbd2 Nh5 6. dxc5 Nxf4 7. exf4 a5 8. a4 Bg4 9. Bb5 e6 10. Nb3 Qc7 11. h3 Bxf3 12. Qxf3 g6 13. Qc3 Rg8 14. 0-0 Bg7 15. Qf3 Kf8 16. c3 Bf6 17. Rfe1 Kg7 18. Rad1 Rgd8 19. Nd4 Rac8 20. Qe3 Kg8 21. g3 Ne7 22. b4 b6 23. Nxe6 fxe6 24. Qxe6+ Kg7 25. cxb6 Qxc3 26. bxa5 Qxa5 27. g4 h6 28. h4 Bxh4 29. g5 Nf5 30. Qf6+ Kh7 31. Qf7+ Kh8 32. Qf6+ Kh7 33. Re7+ Nxe7 34. Qxe7+ Kh8 35. Qf6+ Kh7 36. f5 Rg8 37. fxg6+ Rxg6 38. Bd3 Rcg8 39. Qf7+ Kh8 40. Bxg6 Bxf2+ 41. Kg2 1-0

[Event "Shymkent FIDE GP (Women)"]
[Site "Shymkent"]
[Date "2024.10.31"]
[Round "2"]
[White "Koneru, Humpy"]
[Black "Tan, Zhongyi"]
[Result "1/2-1/2"]
[WhiteElo "2530"]
[BlackElo "2551"]
[PlyCount "140"]
[EventDate "2024.10.30"]
[EventType "tourn"]
[EventRounds "9"]
[EventCountry "KAZ"]
[EventCategory "10"]
[SourceTitle "CB45_2024"]
[Source "ChessBase"]
[SourceDate "2024.11.06"]
[SourceVersion "1"]
[SourceVersionDate "2024.11.06"]
[SourceQuality "1"]

1. d4 Nf6 2. c4 e6 3. Nc3 Bb4 4. e3 b6 5. Nge2 Ba6 6. a3 Bxc3+ 7. Nxc3 d5 8. b3 0-0 9. Be2 c5 10. dxc5 bxc5 11. 0-0 Nc6 12. Na4 Qe7 13. cxd5 Bxe2 14. Qxe2 exd5 15. Qb5 Rfc8 16. Qxc5 Qe6 17. Qc3 Ne4 18. Qd3 Ne5 19. Qd1 Rc6 20. Bb2 Ng4 21. Rc1 Rxc1 22. Bxc1 Ngxf2 23. Rxf2 Nxf2 24. Kxf2 Rc8 25. Bb2 Qf5+ 26. Kg1 Rc2 27. Qf1 Qc8 28. Qd3 Qc6 29. Bc3 Rc1+ 30. Kf2 h6 31. h3 h5 32. Qd2 Rh1 33. Nb2 h4 34. Nd3 Qg6 35. Nf4 Qb1 36. Qd3 Qxb3 37. Qd4 Qc2+ 38. Kf3 Rf1+ 39. Kg4 Rxf4+ 40. Kxf4 Qxg2 41. Qxg7+ Qxg7 42. Bxg7 Kxg7 43. Kg5 a6 44. a4 a5 45. Kf5 f6 46. Ke6 Kg6 47. Kxd5 Kf5 48. Kd4 Ke6 49. Ke4 Kd6 50. Kf5 Kd5 51. Kxf6 Ke4 52. Kg5 Kxe3 53. Kxh4 Kf4 54. Kh5 Kf5 55. h4 Kf6 56. Kh6 Kf5 57. h5 Kf6 58. Kh7 Kf7 59. h6 Kf8 60. Kg6 Kg8 61. Kf6 Kh7 62. Ke5 Kxh6 63. Kd5 Kg6 64. Kc6 Kf6 65. Kb6 Ke6 66. Kxa5 Kd7 67. Kb6 Kc8 68. Ka7 Kc7 69. a5 Kc8 70. a6 Kc7 1/2-1/2

[Event "London TechM GCL Final"]
[Site "London"]
[Date "2024.10.12"]
[Round "1.4"]
[White "Kosteniuk, Alexandra"]
[Black "Tan, Zhongyi"]
[Result "1-0"]
[WhiteElo "2480"]
[BlackElo "2551"]
[PlyCount "119"]
[EventDate "2024.10.12"]
[EventType "team-match"]
[EventRounds "2"]
[EventCountry "ENG"]
[SourceTitle "CB42_2024"]
[Source "ChessBase"]
[SourceDate "2024.10.16"]
[SourceVersion "1"]
[SourceVersionDate "2024.10.16"]
[SourceQuality "1"]
[WhiteTeam "Triveni Continental Kings"]
[BlackTeam "PBG Alaskan Knights"]
[WhiteTeamCountry "ENG"]
[BlackTeamCountry "USA"]

1. e4 e5 2. Nf3 Nf6 3. d4 Nxe4 4. Bd3 d5 5. Nxe5 Nd7 6. 0-0 Nxe5 7. dxe5 Nc5 8. Be3 Be7 9. f4 Nxd3 10. Qxd3 g6 11. Nc3 c6 12. Ne2 Bf5 13. Qb3 Qd7 14. Ng3 Be6 15. Qd3 c5 16. c3 0-0-0 17. f5 gxf5 18. Nxf5 Bxf5 19. Qxf5 Qxf5 20. Rxf5 Kd7 21. Rxf7 Ke6 22. Rxe7+ Kxe7 23. Bxc5+ Ke6 24. Bxa7 Rhf8 25. Bd4 Rf4 26. g3 Rf3 27. Rd1 b5 28. Kg2 Rf7 29. a3 Rg8 30. Ra1 Ra8 31. Re1 Rg8 32. Ra1 Ra8 33. b3 Rff8 34. a4 bxa4 35. bxa4 Ra6 36. a5 Rfa8 37. Rf1 Rxa5 38. Rf6+ Ke7 39. Rh6 Rh8 40. g4 Ra2+ 41. Kg3 Re2 42. h4 Re4 43. g5 Ke8 44. e6 Rf8 45. Rxh7 Rxe6 46. Ra7 Rf1 47. h5 Re4 48. Ra8+ Kd7 49. g6 Rff4 50. Ra7+ Ke6 51. Ra6+ Ke7 52. Ra7+ Ke6 53. Ra6+ Ke7 54. Be3 Rf5 55. Bc5+ Kd7 56. g7 Rg5+ 57. Kf3 Rh4 58. Rg6 Rf5+ 59. Kg3 Rhf4 60. g8Q 1-0

[Event "London TechM GCL Final"]
[Site "London"]
[Date "2024.10.12"]
[Round "1.4"]
[White "Tan, Zhongyi"]
[Black "Kosteniuk, Alexandra"]
[Result "0-1"]
[WhiteElo "2551"]
[BlackElo "2480"]
[PlyCount "186"]
[EventDate "2024.10.12"]
[EventType "team-match"]
[EventRounds "2"]
[EventCountry "ENG"]
[SourceTitle "CB42_2024"]
[Source "ChessBase"]
[SourceDate "2024.10.16"]
[SourceVersion "1"]
[SourceVersionDate "2024.10.16"]
[SourceQuality "1"]
[WhiteTeam "PBG Alaskan Knights"]
[BlackTeam "Triveni Continental Kings"]
[WhiteTeamCountry "USA"]
[BlackTeamCountry "ENG"]

1. d4 Nf6 2. Nc3 d5 3. Bf4 c5 4. e3 cxd4 5. exd4 Bg4 6. Be2 Bxe2 7. Ncxe2 Nc6 8. Nf3 e6 9. 0-0 Bd6 10. c3 Qc7 11. Bxd6 Qxd6 12. a4 0-0 13. Nc1 Ne4 14. Nd3 Ne7 15. Re1 Nf5 16. Nfe5 Rac8 17. f3 Nf6 18. Qd2 Nd7 19. Ng4 Rfe8 20. Re2 Qb6 21. Kh1 a5 22. Rae1 Qd8 23. g3 h6 24. Kg2 Qg5 25. Nf4 Nd6 26. h4 Qf5 27. Ne3 Qf6 28. Qd3 Nb6 29. Nh5 Qd8 30. Qd1 g6 31. Nf4 Nf5 32. Nxf5 gxf5 33. Kh3 Nc4 34. Nh5 Kh7 35. g4 Nd6 36. Qd3 Rg8 37. Re5 Kh8 38. Qd2 Rg6 39. Nf4 Rg7 40. Nh5 Rg6 41. Qf4 Kh7 42. Ng3 fxg4+ 43. fxg4 Qf6 44. Qxf6 Rxf6 45. R5e2 Rf3 46. Kg2 Rf4 47. Kh3 Rf3 48. Kg2 Rf4 49. Kh3 Rf3 50. Re3 Rxe3 51. Rxe3 Nc4 52. Re2 Nb6 53. Rf2 Rc7 54. b3 Kg8 55. Rf3 Nc8 56. Nh5 Nd6 57. Nf6+ Kg7 58. g5 hxg5 59. hxg5 Rc8 60. Kg4 Nf5 61. Nh5+ Kg6 62. Rh3 Nd6 63. Nf6 Nf5 64. Kf4 b6 65. Ng4 Kg7 66. Nf6 Kg6 67. Nd7 Nd6 68. Ne5+ Kg7 69. Rg3 Nf5 70. Rh3 Nd6 71. Rf3 Ne4 72. Kg4 Nd6 73. c4 dxc4 74. bxc4 Rc7 75. Rc3 f6 76. gxf6+ Kxf6 77. Kf4 Ke7 78. c5 bxc5 79. dxc5 Nf5 80. c6 Nd4 81. Rc5 Kd6 82. Rc4 Nxc6 83. Nd3 Ne7 84. Rd4+ Nd5+ 85. Ke4 Rh7 86. Kf3 Rh3+ 87. Ke2 Rh2+ 88. Ke1 Ra2 89. Nf4 Ra1+ 90. Ke2 Ra2+ 91. Kf3 Ra3+ 92. Ke4 Rxa4 93. Rxa4 Nc3+ 0-1

[Event "London TechM GCL"]
[Site "London"]
[Date "2024.10.11"]
[Round "10.4"]
[White "Assaubayeva, Bibissara"]
[Black "Tan, Zhongyi"]
[Result "1-0"]
[WhiteElo "2487"]
[BlackElo "2551"]
[PlyCount "95"]
[EventDate "2024.10.03"]
[EventType "team-tourn (rapid)"]
[EventRounds "10"]
[EventCountry "ENG"]
[SourceTitle "CB42_2024"]
[Source "ChessBase"]
[SourceDate "2024.10.16"]
[SourceVersion "1"]
[SourceVersionDate "2024.10.16"]
[SourceQuality "1"]
[WhiteTeam "American Gambits"]
[BlackTeam "PBG Alaskan Knights"]
[WhiteTeamCountry "USA"]
[BlackTeamCountry "USA"]

1. c4 e6 2. Nc3 d5 3. d4 a6 4. cxd5 exd5 5. Nf3 c6 6. Qb3 Nf6 7. Bg5 Be7 8. e3 0-0 9. Bd3 h6 10. Bh4 Ne8 11. Bg3 Nd6 12. Qc2 Nd7 13. 0-0 Nf6 14. h3 Re8 15. Ne5 Be6 16. f4 Rc8 17. f5 Bd7 18. Qb3 b5 19. Rad1 Nc4 20. Bxc4 bxc4 21. Qc2 Bb4 22. Bh4 Qc7 23. Bxf6 gxf6 24. Ng4 Kg7 25. Rf3 h5 26. Nf2 Rg8 27. e4 Qd6 28. Ne2 Kf8 29. Qc1 Re8 30. Qh6+ Ke7 31. a3 Ba5 32. Qf4 Qb8 33. Qh4 Qxb2 34. e5 Kd8 35. Qxf6+ Kc8 36. Nf4 c3 37. N4d3 Qe2 38. Kh1 c2 39. Rc1 Rxg2 40. Kxg2 Rg8+ 41. Rg3 Rxg3+ 42. Kxg3 Bd8 43. Qxf7 c5 44. Qxd5 h4+ 45. Kg2 Bxf5 46. Qxc5+ Kd7 47. Rxc2 Be4+ 48. Kh2 1-0

[Event "London TechM GCL"]
[Site "London"]
[Date "2024.10.10"]
[Round "9.4"]
[White "Tan, Zhongyi"]
[Black "Kosteniuk, Alexandra"]
[Result "1-0"]
[WhiteElo "2551"]
[BlackElo "2480"]
[PlyCount "158"]
[EventDate "2024.10.03"]
[EventType "team-tourn (rapid)"]
[EventRounds "10"]
[EventCountry "ENG"]
[SourceTitle "CB42_2024"]
[Source "ChessBase"]
[SourceDate "2024.10.16"]
[SourceVersion "1"]
[SourceVersionDate "2024.10.16"]
[SourceQuality "1"]
[WhiteTeam "PBG Alaskan Knights"]
[BlackTeam "Triveni Continental Kings"]
[WhiteTeamCountry "USA"]
[BlackTeamCountry "ENG"]

1. d4 Nf6 2. c4 e6 3. Nc3 Bb4 4. e3 b6 5. Nge2 Ba6 6. Ng3 Bxc3+ 7. bxc3 d5 8. Qf3 0-0 9. cxd5 exd5 10. Bxa6 Nxa6 11. 0-0 c5 12. a4 Re8 13. Ba3 Qd7 14. Rfd1 c4 15. Nf5 Re6 16. Qg3 g6 17. f3 Kh8 18. Nh6 Kg7 19. Qg5 Rae8 20. Re1 Ng8 21. Nf5+ Kh8 22. Ng3 Nf6 23. Re2 Nb8 24. Rae1 Qxa4 25. Bc1 Nbd7 26. e4 Qc6 27. e5 Ng8 28. f4 f5 29. Nf1 b5 30. Ba3 a5 31. Ne3 Qb7 32. Bd6 b4 33. g4 bxc3 34. Rg2 Rxd6 35. exd6 fxg4 36. Rge2 Qb6 37. Qxd5 Ngf6 38. Qxc4 Qxd6 39. d5 Qc5 40. Qxc5 Nxc5 41. d6 Nd3 42. Nxg4 Rd8 43. Nxf6 Nxe1 44. Rxe1 Rxd6 45. Ne4 Rc6 46. Nf2 c2 47. Rc1 Rc3 48. Kf1 a4 49. Ke2 a3 50. Nd3 a2 51. Kd2 Rc4 52. Ra1 h6 53. Kc1 Rc3 54. Kd2 Rc4 55. Rxa2 c1Q+ 56. Nxc1 Rxf4 57. Nd3 Rh4 58. Ke3 Rh3+ 59. Ke4 Kg7 60. Nf4 Rh4 61. Kf3 g5 62. Nd5 Rd4 63. Ne3 Rf4+ 64. Kg3 Kg6 65. Ra6+ Kh5 66. Ng2 Rg4+ 67. Kf3 Rc4 68. Ne3 Rf4+ 69. Kg3 Re4 70. Kf3 Rf4+ 71. Ke2 Rh4 72. Nf1 Re4+ 73. Kf3 Rf4+ 74. Kg2 Rc4 75. Ng3+ Kg4 76. h3+ Kf4 77. Rf6+ Ke5 78. Rxh6 Rc2+ 79. Kf3 Rc4 1-0

[Event "London TechM GCL"]
[Site "London"]
[Date "2024.10.09"]
[Round "8.1"]
[White "Koneru, Humpy"]
[Black "Tan, Zhongyi"]
[Result "1-0"]
[WhiteElo "2530"]
[BlackElo "2551"]
[PlyCount "109"]
[EventDate "2024.10.03"]
[EventType "team-tourn (rapid)"]
[EventRounds "10"]
[EventCountry "ENG"]
[SourceTitle "CB42_2024"]
[Source "ChessBase"]
[SourceDate "2024.10.16"]
[SourceVersion "1"]
[SourceVersionDate "2024.10.16"]
[SourceQuality "1"]
[WhiteTeam "Mumba Masters"]
[BlackTeam "PBG Alaskan Knights"]
[WhiteTeamCountry "IND"]
[BlackTeamCountry "USA"]

1. Nf3 d5 2. e3 c5 3. b3 a6 4. Bb2 Nc6 5. d4 cxd4 6. Nxd4 Nf6 7. Be2 Qa5+ 8. Qd2 e6 9. 0-0 Qxd2 10. Nxd2 Bb4 11. N2f3 0-0 12. c4 dxc4 13. Nxc6 bxc6 14. Bxc4 Bb7 15. Rfd1 Nd5 16. Rac1 a5 17. Ne5 Rfc8 18. a4 Be7 19. e4 Nb6 20. Be2 Bf6 21. f3 c5 22. Bb5 Rc7 23. Kf2 g5 24. Bc3 Kg7 25. Rd6 Nc8 26. Rd2 Ne7 27. Nc4 Bxc3 28. Rxc3 Bc6 29. Na3 Be8 30. Rdc2 Bxb5 31. Nxb5 Rd7 32. Rxc5 h6 33. Rc7 Rxc7 34. Rxc7 Ng6 35. Nd6 Ne5 36. Nc4 Nd3+ 37. Ke3 Rd8 38. Nxa5 Nf4 39. Rc2 e5 40. g3 Rd3+ 41. Kf2 Ne6 42. Ke2 Rd7 43. Nc6 Rc7 44. Kd3 Rd7+ 45. Ke3 Rc7 46. Rc4 f6 47. a5 Rd7 48. a6 Nc7 49. a7 Na8 50. Rb4 Rc7 51. Rb8 Rxc6 52. Rxa8 Ra6 53. b4 Ra3+ 54. Ke2 Ra2+ 55. Kd3 1-0

[Event "London TechM GCL"]
[Site "London"]
[Date "2024.10.08"]
[Round "7.3"]
[White "Vaishali, Ramesh Babu"]
[Black "Tan, Zhongyi"]
[Result "1/2-1/2"]
[WhiteElo "2487"]
[BlackElo "2551"]
[PlyCount "129"]
[EventDate "2024.10.03"]
[EventType "team-tourn (rapid)"]
[EventRounds "10"]
[EventCountry "ENG"]
[SourceTitle "CB42_2024"]
[Source "ChessBase"]
[SourceDate "2024.10.16"]
[SourceVersion "1"]
[SourceVersionDate "2024.10.16"]
[SourceQuality "1"]
[WhiteTeam "Ganges Grandmasters"]
[BlackTeam "PBG Alaskan Knights"]
[WhiteTeamCountry "IND"]
[BlackTeamCountry "USA"]

1. e4 e5 2. Nf3 Nf6 3. Nxe5 d6 4. Nf3 Nxe4 5. Nc3 Nxc3 6. dxc3 Nc6 7. Be3 Bf5 8. Qd2 Be7 9. 0-0-0 0-0 10. h4 Qd7 11. h5 h6 12. Kb1 Rae8 13. Bb5 a6 14. Bxc6 Qxc6 15. Nd4 Qd7 16. Nxf5 Qxf5 17. g4 Qb5 18. f4 f6 19. b3 Bd8 20. c4 Qc6 21. Qd3 Qe4 22. Bc1 Qxd3 23. Rxd3 Re2 24. Rd2 Rfe8 25. Rxe2 Rxe2 26. f5 Kf7 27. Rf1 c6 28. Kb2 Rg2 29. Rf4 Bc7 30. Be3 d5 31. Rf2 Be5+ 32. c3 Rg3 33. Bd4 dxc4 34. bxc4 Rxg4 35. Rd2 Bxd4 36. cxd4 Ke7 37. Kc3 Rg5 38. c5 Rxf5 39. Rb2 Rxh5 40. Rxb7+ Ke6 41. Rxg7 Rh1 42. Rc7 Kd5 43. Rd7+ Ke4 44. Re7+ Kd5 45. Rd7+ Ke4 46. Re7+ Kf5 47. Rc7 h5 48. Rxc6 h4 49. Rc8 h3 50. Rh8 Ke4 51. Rh4+ Kd5 52. Rh5+ Ke4 53. Rh4+ Ke3 54. Kb2 Rh2+ 55. Kb3 Rh1 56. Kb2 Rh2+ 57. Kb3 Rh1 58. Kb2 Rd1 59. c6 Rxd4 60. Rxh3+ Kd2 61. c7 Rb4+ 62. Rb3 Rc4 63. Rb6 f5 64. Rf6 Rxc7 65. Rxf5 1/2-1/2

[Event "London TechM GCL"]
[Site "London"]
[Date "2024.10.07"]
[Round "6.2"]
[White "Hou, Yifan"]
[Black "Tan, Zhongyi"]
[Result "1-0"]
[WhiteElo "2633"]
[BlackElo "2551"]
[PlyCount "65"]
[EventDate "2024.10.03"]
[EventType "team-tourn (rapid)"]
[EventRounds "10"]
[EventCountry "ENG"]
[SourceTitle "CB42_2024"]
[Source "ChessBase"]
[SourceDate "2024.10.16"]
[SourceVersion "1"]
[SourceVersionDate "2024.10.16"]
[SourceQuality "1"]
[WhiteTeam "Alpine Sg Pipers"]
[BlackTeam "PBG Alaskan Knights"]
[WhiteTeamCountry "SIN"]
[BlackTeamCountry "USA"]

1. e4 e5 2. Nf3 Nf6 3. Nxe5 d6 4. Nf3 Nxe4 5. d3 Nf6 6. d4 d5 7. Bd3 Be7 8. 0-0 0-0 9. h3 Nbd7 10. Re1 c5 11. Nc3 a6 12. Bg5 h6 13. Bh4 b5 14. dxc5 Nxc5 15. Nd4 Bd7 16. Qf3 g5 17. Bg3 Nxd3 18. cxd3 Bc5 19. Be5 Nh7 20. Nxd5 f6 21. Bc7 Qc8 22. Nb3 Bb4 23. Re7 Bc6 24. Qh5 Qf5 25. Nxb4 Be8 26. Qg4 Qg6 27. Rae1 Bf7 28. Nc5 f5 29. Qd4 Nf6 30. Nc6 Nd5 31. Rxf7 Rxf7 32. Qxd5 Kh7 33. Ne5 1-0